000
00208 a2200097 4500
100
_a
245
_a
Air traffic services
260
_a
_b
_c
2001
090
_c
34160
_d
34160
942
_a
NUST-CAE
_c
MONOGRAPH
_c
26848
999
_c
421477
_d
421477